[Event "SommerMaaskeHede EMT 2002"]
[Site "Vanlose"]
[Date "2002.08.03"]
[Round "6"]
[White "Bogdanov, Dimitri"]
[Black "Carstensen, Jacob"]
[Result "1/2-1/2"]
[WhiteElo "2052"]
[BlackElo "2224"]
[PlyCount "70"]
[EventDate "2002.07.29"]


1. e4 c5 2. Nc3 Nc6 3. f4 e6 4. Nf3 Nge7 5. Bb5 Nd4 6. Nxd4 cxd4 7. Ne2 a6 8.
Bd3 Nc6 9. a3 b5 10. b4 Bb7 11. Bb2 Qb6 12. O-O a5 13. bxa5 Rxa5 14. Kh1 Bc5
15. Rf3 O-O 16. Rh3 Rfa8 17. c3 Bxa3 18. Bxa3 Rxa3 19. Rb1 dxc3 20. Nxc3 b4 21.
Qh5 h6 22. Rg3 Kf8 23. Qg4 g6 24. e5 Ra1 25. Qh4 Ke8 26. Rxg6 Ne7 27. Rxh6 Kd8
28. Rh8+ Kc7 29. Rxa8 Rxb1+ 30. Nxb1 Bxa8 31. Qxe7 Qf2 32. Qd6+ Kd8 33. Qb8+
Ke7 34. Qxb4+ Ke8 35. Qb8+ Ke7 1/2-1/2

[Event "SommerMaaskeHede EMT 2002"]
[Site "Vanlose"]
[Date "2002.08.03"]
[Round "6"]
[White "Nilsson, Nils Specht"]
[Black "Jensen, Soren Holm"]
[Result "1/2-1/2"]
[WhiteElo "2121"]
[BlackElo "1953"]
[PlyCount "127"]
[EventDate "2002.07.29"]


1. c4 Nf6 2. Nf3 e6 3. g3 d5 4. Bg2 Be7 5. b3 O-O 6. O-O Nbd7 7. Bb2 c6 8. d4
b6 9. Ne5 Bb7 10. Nd2 Rc8 11. e4 Nxe4 12. Nxe4 dxe4 13. Bxe4 Nxe5 14. dxe5 Qxd1
15. Rfxd1 Rfd8 16. a3 Kf8 17. b4 Ke8 18. b5 Bc5 19. a4 a5 20. Rxd8+ Kxd8 21.
Ba3 Bxa3 22. Rxa3 Rc7 23. Rd3+ Ke7 24. Rd6 cxb5 25. Bxb7 Rxb7 26. cxb5 h5 27.
f4 g6 28. Kg2 Kf8 29. Kh3 Kg7 30. Kh4 Rc7 31. Rxb6 Rc4 32. h3 Rxa4 33. Kg5 Rb4
34. g4 hxg4 35. hxg4 Rb1 36. Rb7 a4 37. f5 gxf5 38. gxf5 exf5 39. e6 Rg1+ 40.
Kxf5 Rf1+ 41. Ke5 Re1+ 42. Kd5 Rxe6 43. Ra7 Re1 44. Rxa4 Rb1 45. Kc5 f5 46. Rb4
Rc1+ 47. Kd6 Kf6 48. b6 Rd1+ 49. Kc7 Rc1+ 50. Kb8 Ke5 51. b7 Rh1 52. Kc7 Rh8
53. b8=Q Rxb8 54. Rxb8 f4 55. Kc6 Ke4 56. Rb4+ Ke5 57. Kc5 f3 58. Rb8 Ke4 59.
Rf8 Ke3 60. Kc4 f2 61. Kc3 Ke2 62. Re8+ Kf3 63. Kd2 f1=Q 64. Rf8+ 1/2-1/2

[Event "SommerMaaskeHede EMT 2002"]
[Site "Vanlose"]
[Date "2002.08.03"]
[Round "6"]
[White "Skjoldan, Benjamin"]
[Black "Andersen, Rune"]
[Result "1-0"]
[WhiteElo "1882"]
[BlackElo "2021"]
[PlyCount "53"]
[EventDate "2002.07.29"]


1. d4 d5 2. c4 c6 3. g3 e6 4. Bg2 Nf6 5. Nf3 Nbd7 6. b3 Bb4+ 7. Bd2 Bd6 8. O-O
O-O 9. Qc2 Ne4 10. Bc1 e5 11. Rd1 exd4 12. cxd5 cxd5 13. Nxd4 Qf6 14. e3 Ne5
15. f3 Nc5 16. f4 Nc6 17. Nc3 Bg4 18. Nxd5 Qh6 19. Rd2 Nxd4 20. Rxd4 Rac8 21.
b4 Na6 22. Qd2 Nb8 23. Bb2 Rfd8 24. e4 Nc6 25. Rd3 Qe6 26. f5 Qd7 27. Qg5 1-0

[Event "SommerMaaskeHede EMT 2002"]
[Site "Vanlose"]
[Date "2002.08.04"]
[Round "7"]
[White "Petersen, Steen Brustrup"]
[Black "Jensen, Soren Holm"]
[Result "1-0"]
[WhiteElo "2049"]
[BlackElo "1953"]
[PlyCount "99"]
[EventDate "2002.07.29"]


1. d4 d5 2. c4 e6 3. Nc3 Be7 4. cxd5 exd5 5. Bf4 Nf6 6. e3 O-O 7. Bd3 c5 8.
dxc5 Nc6 9. Nf3 Bxc5 10. O-O Bg4 11. h3 Bh5 12. Rc1 d4 13. Nb5 Bb6 14. e4 Qd7
15. Bd6 Rfe8 16. e5 Bxf3 17. Qxf3 Nxe5 18. Bxe5 Rxe5 19. Na3 Rc5 20. Rxc5 Bxc5
21. Nc4 Rd8 22. Rc1 Qd5 23. Qf4 b6 24. Qc7 Qd7 25. Qf4 Qd5 26. Qc7 Qd7 27. Qf4
h6 28. Ne5 Qd6 29. Bc4 Rd7 30. Qf5 Re7 31. Qc8+ Kh7 32. Nxf7 Rxf7 33. Bxf7 d3
34. Qf5+ Kh8 35. Qc8+ Kh7 36. Qf5+ Kh8 37. Rd1 d2 38. Qc8+ Kh7 39. Qf5+ Kh8 40.
Qc8+ Kh7 41. Qf5+ Kh8 42. a3 Qe7 43. Qc8+ Kh7 44. Qe6 Qd8 45. Qf5+ Kh8 46. b4
Qe7 47. Qe6 Bxb4 48. axb4 Qxb4 49. Qc8+ Kh7 50. Qc2+ 1-0

[Event "SommerMaaskeHede EMT 2002"]
[Site "Vanlose"]
[Date "2002.08.04"]
[Round "7"]
[White "Olsen, Claus B"]
[Black "Skjoldan, Benjamin"]
[Result "0-1"]
[WhiteElo "2036"]
[BlackElo "1882"]
[PlyCount "96"]
[EventDate "2002.07.29"]


1. e4 c5 2. d3 Nc6 3. g3 g6 4. Bg2 Bg7 5. c3 e6 6. Be3 d6 7. Ne2 Nge7 8. Qd2
Ne5 9. f4 Ng4 10. Bg1 h5 11. Na3 a6 12. Nc2 b5 13. d4 c4 14. h3 Nh6 15. Ne3 d5
16. f5 exf5 17. exd5 Qd6 18. g4 f4 19. Nxf4 Qxf4 20. Bh2 Qg5 21. Qf2 Bb7 22.
Bf4 Qf6 23. g5 Qb6 24. gxh6 Bxh6 25. d6 Bxf4 26. Qxf4 Nf5 27. Nxf5 Bxg2 28. Rg1
gxf5 29. Rxg2 O-O-O 30. Qxf5+ Rd7 31. Qc5+ Qxc5 32. dxc5 Re8+ 33. Kf1 Re5 34.
a4 Rxc5 35. axb5 axb5 36. Rd1 Kb7 37. Rf2 Kc6 38. Rf6 Re5 39. Rh6 Rf5+ 40. Kg2
f6 41. Kg3 Rxd6 42. Rxd6+ Kxd6 43. Kh4 Ke5 44. Rh8 Ke4 45. Rd8 Rf2 46. Kxh5
Rxb2 47. Kg6 Rb3 48. Kxf6 Rxc3 0-1

[Event "SommerMaaskeHede EMT 2002"]
[Site "Vanlose"]
[Date "2002.08.04"]
[Round "7"]
[White "Andersen, Henrik"]
[Black "Pedersen, Flemming Petri"]
[Result "0-1"]
[WhiteElo "1901"]
[BlackElo "2085"]
[PlyCount "70"]
[EventDate "2002.07.29"]


1. c4 e5 2. Nc3 Nf6 3. Nf3 Nc6 4. d4 exd4 5. Nxd4 Bc5 6. Nxc6 bxc6 7. g3 O-O 8.
Bg2 Rb8 9. O-O Re8 10. b3 Bb7 11. Bg5 Be7 12. Qd2 c5 13. Rad1 d6 14. h4 Qc8 15.
Bxf6 Bxg2 16. Kxg2 Bxf6 17. Nd5 Bxh4 18. Rh1 Bd8 19. Rh2 Qg4 20. f3 Qe6 21. Nf4
Qe3 22. Qc2 h6 23. Rd3 Qe7 24. e4 a5 25. Rd1 c6 26. Qd2 Bc7 27. Rdh1 Qf6 28.
Nh5 Qd4 29. Qc1 d5 30. cxd5 a4 31. Rd1 Qe5 32. Qxc5 axb3 33. axb3 Rxb3 34. Qd4
Rb2+ 35. Kh1 Rxh2+ 0-1

[Event "SommerMaaskeHede EMT 2002"]
[Site "Vanlose"]
[Date "2002.08.04"]
[Round "7"]
[White "Nilsson, Nils Specht"]
[Black "Nielsen, Jan Mose"]
[Result "0-1"]
[WhiteElo "2121"]
[BlackElo "2037"]
[PlyCount "88"]
[EventDate "2002.07.29"]


1. d4 d5 2. c4 c6 3. Nf3 Nf6 4. Nc3 g6 5. Bf4 Bg7 6. e3 O-O 7. Rc1 Qa5 8. Nd2
Nbd7 9. Nb3 Qb6 10. cxd5 Nxd5 11. Nxd5 cxd5 12. Be2 Nf6 13. O-O Bd7 14. Bc7 Qb4
15. Rc5 b6 16. Rc3 Bb5 17. a3 Qa4 18. Bxb5 Qxb5 19. f3 Rfc8 20. Qc2 Qd7 21. Rc1
Ne8 22. Bf4 Rxc3 23. Qxc3 e6 24. Qc6 Qxc6 25. Rxc6 Kf8 26. Nc1 Ke7 27. b4 Kd7
28. b5 Bf8 29. a4 Bd6 30. Nd3 Bxf4 31. Nxf4 Rc8 32. Nd3 Rxc6 33. Ne5+ Kc7 34.
Nxc6 a6 35. Kf2 axb5 36. axb5 Nd6 37. Na7 Nc4 38. Ke2 Na5 39. e4 Kb7 40. exd5
exd5 41. Ke3 Kxa7 42. Kf4 f6 43. g4 Nc4 44. g5 f5 0-1

[Event "SommerMaaskeHede EMT 2002"]
[Site "Vanlose"]
[Date "2002.08.04"]
[Round "7"]
[White "Hjortkaer, Rolf"]
[Black "Carstensen, Jacob"]
[Result "0-1"]
[WhiteElo "1884"]
[BlackElo "2224"]
[PlyCount "102"]
[EventDate "2002.07.29"]


1. e4 c5 2. Nf3 d6 3. Bb5+ Nd7 4. a4 Ngf6 5. Nc3 a6 6. Bc4 e6 7. O-O Be7 8. d3
O-O 9. Be3 Qc7 10. Ng5 Ne5 11. Ba2 h6 12. Nf3 Nc6 13. Ne1 Nb4 14. Bb3 d5 15.
exd5 exd5 16. Ne2 Bd6 17. g3 Bh3 18. Ng2 c4 19. dxc4 dxc4 20. Bxc4 Qxc4 21.
Qxd6 Bxg2 22. Kxg2 Nxc2 23. Nc3 Nxa1 24. Rxa1 Rfd8 25. Qf4 Qxf4 26. Bxf4 Nd5
27. Nxd5 Rxd5 28. Rc1 Rad8 29. Rc7 R5d7 30. Rc2 Rd4 31. a5 R4d5 32. Bc7 Rd2 33.
Rxd2 Rxd2 34. Be5 f6 35. Bc3 Rd5 36. Kf3 Kf7 37. Ke4 Ke6 38. h4 h5 39. Kf4 g5+
40. Ke4 gxh4 41. gxh4 Rc5 42. Kd4 Rf5 43. Ke3 Rd5 44. Ke4 Rd1 45. Kf4 Rh1 46.
Kg3 Kf5 47. Bd4 Rg1+ 48. Kh3 Rg6 49. Bb6 Ke4 50. Bc7 Kf3 51. Bg3 f5 0-1

[Event "SommerMaaskeHede EMT 2002"]
[Site "Vanlose"]
[Date "2002.08.04"]
[Round "7"]
[White "Andersen, Rune"]
[Black "Brandstrup, Bo"]
[Result "0-1"]
[WhiteElo "2021"]
[BlackElo "1924"]
[PlyCount "72"]
[EventDate "2002.07.29"]


1. d4 Nf6 2. c4 e6 3. Nc3 Bb4 4. Qc2 d5 5. a3 Bxc3+ 6. Qxc3 O-O 7. e3 b6 8. Nf3
Nbd7 9. b4 Ba6 10. b5 Bb7 11. c5 bxc5 12. dxc5 Ne4 13. Qc2 Ndxc5 14. Be2 c6 15.
bxc6 Bxc6 16. O-O Ba4 17. Qb2 Rb8 18. Qd4 f6 19. Bb2 Qd6 20. Nd2 Nxd2 21. Qxd2
Nb3 22. Qe1 Nxa1 23. Qxa1 Bb5 24. Bxb5 Rxb5 25. h4 Rfb8 26. Bc3 Qb6 27. Bd4 Qb7
28. Qd1 e5 29. Bc3 Rb1 30. Qd2 Rxf1+ 31. Kxf1 Qb1+ 32. Ke2 Qe4 33. f3 Qc4+ 34.
Kf2 Qxh4+ 35. Ke2 Qc4+ 36. Kf2 Rc8 0-1

[Event "SommerMaaskeHede EMT 2002"]
[Site "Vanlose"]
[Date "2002.08.04"]
[Round "7"]
[White "Kaaber Hansen, Jacob"]
[Black "Reuter, Filip"]
[Result "0-1"]
[WhiteElo "1890"]
[BlackElo "2129"]
[PlyCount "68"]
[EventDate "2002.07.29"]


1. e4 c5 2. Nc3 e6 3. g3 Nc6 4. Bg2 d6 5. d3 g6 6. Be3 Bg7 7. f4 Nge7 8. Nf3 b5
9. e5 Nd5 10. Nxd5 exd5 11. O-O Ne7 12. a4 b4 13. c4 d4 14. Bd2 Rb8 15. exd6
Qxd6 16. f5 Nxf5 17. Bf4 Qb6 18. a5 Qb7 19. Ne5 Qe7 20. Nxf7 Kxf7 21. Bxb8 Bf6
22. Bf4 Kg7 23. Qf3 Re8 24. Rae1 Qxe1 25. Rxe1 Rxe1+ 26. Kf2 Rb1 27. Qe2 Ne3
28. h3 Rxb2 29. Qxb2 Nd1+ 30. Ke2 Nxb2 31. Bc6 Bxh3 32. Bb8 Bf5 33. Bxa7 Bxd3+
34. Kd2 Bg5+ 0-1

[Event "SommerMaaskeHede EMT 2002"]
[Site "Vanlose"]
[Date "2002.08.04"]
[Round "7"]
[White "Askgaard, Jens"]
[Black "Bogdanov, Dimitri"]
[Result "1/2-1/2"]
[WhiteElo "2106"]
[BlackElo "2052"]
[PlyCount "41"]
[EventDate "2002.07.29"]


1. d4 g6 2. c4 Bg7 3. e4 d6 4. Nc3 Nc6 5. Be3 e5 6. Nge2 Nh6 7. d5 Ne7 8. f3 f5
9. Qd2 Nf7 10. Nc1 O-O 11. Bd3 c6 12. Nb3 cxd5 13. cxd5 Bd7 14. O-O-O a6 15.
Kb1 b5 16. a3 Nc8 17. Rc1 Bf6 18. Na2 a5 19. Qe2 Rb8 20. Bd2 fxe4 21. fxe4
1/2-1/2

[Event "SommerMaaskeHede EMT 2002"]
[Site "Vanlose"]
[Date "2002.08.04"]
[Round "7"]
[White "Christensen, Jan N"]
[Black "Tandrup, Michael"]
[Result "1-0"]
[WhiteElo "2009"]
[BlackElo "1874"]
[PlyCount "67"]
[EventDate "2002.07.29"]


1. e4 c5 2. f4 d5 3. exd5 Qxd5 4. Nc3 Qd8 5. Bb5+ Bd7 6. Qe2 Nc6 7. Nf3 Nf6 8.
d3 g6 9. Be3 e6 10. O-O Ng4 11. Ne5 Ncxe5 12. fxe5 Nxe3 13. Qxe3 Bxb5 14. Nxb5
Qd7 15. Nc3 Be7 16. Kh1 O-O 17. Ne4 Qd4 18. Qf4 Kg7 19. c3 Qd8 20. Nf6 h6 21.
Rf3 g5 22. Qg4 Bxf6 23. Rxf6 Rh8 24. Raf1 Qd7 25. h4 Rh7 26. Qh5 Rf8 27. Kg1
Qc7 28. hxg5 hxg5 29. Qxg5+ Kh8 30. Rh6 f5 31. exf6 Rg8 32. Rxh7+ Qxh7 33. Qxc5
Qg6 34. Qf2 1-0